[Event "Asian Zonal-ch 3.5 Women 2019"]
[Site "Zi Bo"]
[Date "2019.09.07"]
[Round "5.3"]
[White "Gu, Tianlu"]
[Black "Lei, Tingjie"]
[Result "0-1"]
[WhiteElo "2239"]
[BlackElo "2483"]
[Annotator "TA"]
[PlyCount "122"]
[EventDate "2019.09.05"]
[EventType "swiss"]
[EventCountry "CHN"]
[SourceTitle "playchess.com"]
[Source "ChessBase"]
[SourceQuality "1"]

{[%evp 16,122,0,0,37,30,44,6,22,-43,-43,-35,-28,-54,-27,-39,-20,-17,-29,-19,-12,-89,-59,-114,-91,-114,-98,-161,-143,-142,-140,-150,-138,-183,-135,-131,-62,-68,-65,-66,-8,-13,-25,-4,-14,-37,-45,-43,-25,-68,-73,-70,-46,-245,-242,-237,-231,-207,-223,-320,-331,-324,-210,-212,-137,-116,-6,-16,0,-330,-227,-385,-368,-403,-403,-29994,-190,-209,-167,-172,-192,-235,-192,-190,-186,-183,-183,-176,-172,-189,0,-254,-247,-254,-262,-354,-339,-539,-524,-495,-445,-752,-752,-856,-851,-29982,-29983,-29984,-29985]} 1. e4 c6 2. Nc3 d5 3. Nf3 Bg4 4. h3 Bxf3 5. Qxf3 Nf6 6. d3 e6 7. Qg3 Nh5 8. Qe5 (8. Qh2 Bb4 9. Be2 Nf6 10. O-O O-O 11. Qg3 Kh8 12. e5 Nfd7 13. d4 Be7 14. a3 c5 15. dxc5 Bxc5 {1-0 (69) Naiditsch,A (2702)-Dautov,R (2596) Germany 2017}) 8... Nf6 9. Qg3 Qa5 {B11: Caro-Kann: Two Knights Variation} 10. Bd2 {Nxd5 is the strong threat.} Qb6 11. e5 $146 (11. Be2 {seems wilder.} Nbd7 12. O-O g6 13. a4 d4 14. Nd1) ({Predecessor:} 11. O-O-O d4 12. Ne2 Nbd7 13. Nf4 O-O-O 14. Qg5 h6 15. Qa5 Qxa5 16. Bxa5 b6 17. Bd2 {1-0 (44) Andreev,D (1924)-Green,M (1717) Sofia 2015}) 11... Nfd7 $1 {The position is equal.} 12. Rb1 (12. f4 $11) 12... c5 $15 13. Be2 Nc6 14. f4 Nd4 15. Bd1 Be7 16. Ne2 Nf5 17. Qf2 h5 18. g3 (18. c3 $11) 18... O-O-O $17 19. b4 (19. O-O $15) 19... g5 20. Rb3 gxf4 (20... cxb4 21. Qxb6 axb6 22. d4 $15) 21. Qxf4 (21. bxc5 $17 {was necessary.} Qc6 22. Bxf4) 21... cxb4 22. Bxb4 Bxb4+ 23. Rxb4 {[#]} Qa5 $1 24. a3 Qxa3 25. Ra4 Qc5 ({Black should try} 25... Qb2 $17 26. Rxa7 Nxe5 27. Ra8+ Kd7) 26. d4 $15 Qb6 27. Rf1 Rdf8 (27... Kb8 $15) 28. Rf3 $1 $11 {[%cal Rf3b3]} Kb8 29. Rfa3 a6 30. Nc3 (30. Rxa6 $5 bxa6 31. Rb3 $17) 30... f6 {[#] Strongly threatening ...fxe5.} 31. Nxd5 $1 {[%mdl 512]} exd5 32. Qxf5 Qc6 $1 $36 {[%mdl 2048] aiming for ...fxe5. Black is really pushing.} (32... fxe5 $2 33. Qxd7 Rd8 34. Rb3 $18) 33. e6 Re8 {[%cal Bf8e8,Be8e6,Be6e4][%mdl 32]} 34. Qf4+ $2 (34. Rb4 $15) 34... Ka7 $19 {White must now prevent ...Nb6.} 35. Kf2 Rxe6 (35... Qxe6 36. Kg2 $17) (35... Nb6 36. Rb4 $17) 36. Rb4 {[#]} h4 $1 {[%mdl 512]} 37. c4 (37. Rb1 $142) (37. gxh4 f5) 37... Re4 ({Don't blunder} 37... dxc4 $2 38. Bf3 $18) 38. Qd2 hxg3+ ({Resist} 38... dxc4 39. Bf3 $19) 39. Rxg3 Rhh4 40. cxd5 Qxd5 (40... Qd6 $17 41. Bf3 Ref4) 41. Bf3 $1 $11 Rhf4 {And now ...Ne5! would win.} ({But not} 41... Rxd4 $2 {[#]} 42. Qe3 $1 $18 {[%mdl 512]}) 42. Qb2 $2 {[%mdl 8192]} (42. Kg1 $11 {and White has nothing to worry.} Rxf3 43. Rxf3) 42... Nc5 {Hoping for ...Nd3+.} 43. Qc3 $2 (43. Kg2 {is the only way for White.}) 43... Ne6 $19 44. Kg2 Nxd4 45. Qc7 (45. Rg7 $19 Re2+ 46. Kh1 Qxf3+ 47. Qxf3 Rh2+ 48. Kxh2 Nxf3+ {[%mdl 64] Discovered Attack} 49. Kg3 Rxb4 50. Kxf3) 45... Nb5 $2 (45... Re2+ {mates} 46. Kh1 Re1+ 47. Kg2 Qa2+ 48. Rb2 Qxb2+ 49. Qc2 Qxc2+ 50. Be2 Qxe2#) 46. Qxf4 Rxf4 47. Bxd5 Rxb4 {[%mdl 4096] Endgame KRB-KRN} 48. Rg7 Nd6 49. Rd7 Nf5 50. Kf3 a5 51. Rf7 Nh4+ 52. Kg3 f5 $2 (52... a4 $19 53. Rxf6 b5) 53. Rh7 $2 {[%mdl 8192]} (53. Rf6 $1 $11 {and White stays safe.}) 53... Ng6 54. Rg7 Ne5 55. h4 f4+ 56. Kf2 (56. Kh3 $142 f3 57. h5) 56... Rb5 57. Be6 {If only White now had time for h5....} Rb2+ 58. Kf1 (58. Kg1 $142 a4 59. Bd5) 58... f3 59. Bd5 Nd3 {[%cal Rb2b1]} 60. Rxb7+ Rxb7 61. Bxb7 Kxb7 {Accuracy: White = 43%, Black = 64%.} 0-1

[Event "Asian Zonal-ch 3.5 Women 2019"]
[Site "Zi Bo"]
[Date "2019.09.07"]
[Round "5.4"]
[White "Ning, Kaiyu"]
[Black "Huang, Qian"]
[Result "1/2-1/2"]
[WhiteElo "2354"]
[BlackElo "2429"]
[Annotator "TA"]
[PlyCount "68"]
[EventDate "2019.09.05"]
[EventType "swiss"]
[EventCountry "CHN"]
[SourceTitle "playchess.com"]
[Source "ChessBase"]
[SourceQuality "1"]

{[%evp 23,68,0,0,-27,0,0,0,0,0,0,39,-12,27,20,25,22,83,73,111,106,119,18,18,0,39,0,0,0,19,15,13,8,0,0,66,81,62,0,0,0,0,0,0,0,0,0,0]} 1. d4 d5 2. c4 c6 3. Nf3 Nf6 4. Qc2 a6 5. e3 e6 6. Bd3 Nbd7 7. O-O dxc4 8. Bxc4 c5 9. a4 Qc7 10. Qe2 Bd6 11. Nc3 O-O 12. dxc5 Bxc5 13. Bd2 $146 {D37: Queen's Gambit Declined: 5 Bf4} (13. e4 {keeps more tension.} Bd6 14. Bg5 Ng4 15. h3 h6 16. Bc1) ({Predecessor:} 13. e4 Bd6 14. Bg5 Ng4 15. h3 Nge5 16. Nxe5 Nxe5 17. Ba2 Bd7 18. f4 Ng6 19. f5 exf5 20. exf5 Rae8 {1-0 (74) Spraggett,K (2573)-Ferreira,J (2327) Torres Vedras 2011}) 13... Ne5 14. Nxe5 Qxe5 15. f4 Qc7 16. Kh1 Rd8 17. Rac1 ({White should play} 17. e4 $14) 17... Qb6 18. Rc2 Bd7 {[#]} 19. a5 $1 {[%mdl 512]} Qa7 ({Much weaker is} 19... Qxa5 $6 20. Nd5 $16) (19... Qc7 $11) 20. e4 $16 Bc6 21. e5 Nd5 {[#]} 22. Nxd5 ({Better is} 22. f5 $1 $16) 22... Bxd5 $11 23. Bd3 Rac8 24. Rfc1 {aiming for Be3!} Rc6 $1 25. f5 Bf8 26. Rxc6 Bxc6 27. fxe6 fxe6 {Hoping for ...Qd4.} 28. Bg5 Rxd3 (28... Rd7 $11) 29. Qxd3 $14 Qf2 {[%csl Gf2][%cal Rc6g2]} 30. Qf1 (30. Qh3 $14) 30... Qxb2 $11 {The position is equal.} 31. Rd1 Qxe5 32. Rd8 {[%csl Gf1][%cal Rd8f8]} Bxg2+ $1 33. Qxg2 Qe1+ 34. Qg1 Qe4+ {Accuracy: White = 49%, Black = 33%.} 1/2-1/2

[Event "Asian Zonal-ch 3.5 Women 2019"]
[Site "Zi Bo"]
[Date "2019.09.07"]
[Round "5.5"]
[White "Li, Xueyi"]
[Black "Li, Yunshan"]
[Result "1/2-1/2"]
[WhiteElo "2323"]
[BlackElo "2261"]
[Annotator "TA"]
[PlyCount "62"]
[EventDate "2019.09.05"]
[EventType "swiss"]
[EventCountry "CHN"]
[SourceTitle "playchess.com"]
[Source "ChessBase"]
[SourceQuality "1"]

{[%evp 11,62,0,15,16,35,39,39,39,41,34,43,27,25,7,0,-21,14,0,6,6,33,-19,0,4,18,-25,-27,-32,39,-24,53,20,34,27,7,23,112,23,54,27,25,0,0,0,0,0,0,0,0,-32,0,-16,0]} 1. d4 d5 2. Nf3 Nf6 3. g3 Bf5 4. Bg2 c6 5. c4 e6 6. Nc3 Nbd7 7. Nh4 {D11: Slav Defence: 3 Nf3 sidelines and 3...Nf6 4 e3 Bg4} (7. Qb3 Qb6 8. c5 Qxb3 9. axb3 a6 10. b4 Rc8 11. Bf4 h6 12. h4 Ne4 13. Nd2 Nxd2 14. Kxd2 Be7 {1-0 (68) Berkes,F (2678)-Lodici,L (2463) Brixen Bressanone 2019}) 7... Bg4 8. h3 Bh5 9. Qb3 {White is slightly better.} Qb6 10. g4 $146 {[%cal Rc4d5]} ({Predecessor:} 10. c5 Qxb3 11. axb3 h6 12. g4 g5 13. gxh5 gxh4 14. b4 Nxh5 {½-½ (22) Leenders,C (2320)-Elburg,J (2286) ICCF email 2016}) 10... Bg6 11. Nxg6 hxg6 12. c5 Qc7 13. Bd2 e5 14. e3 Be7 15. Qc2 Nh7 16. Ne2 (16. O-O-O $14) 16... exd4 17. exd4 Bg5 18. f4 Bh4+ 19. Kd1 O-O-O (19... O-O $15) 20. Qd3 ({Better is} 20. g5 $14) 20... g5 (20... Ndf6 $11) 21. Kc2 Rde8 22. Raf1 Ndf6 23. Nc3 Qd7 {[#]} (23... Qe7 $11 {keeps the balance.}) 24. Kb1 (24. b4 $1 $16) 24... Kb8 25. Qc2 Ka8 26. fxg5 Nxg5 27. Bf4 {Strongly threatening Na4.} Qd8 28. Be5 Nd7 29. Bd6 {aiming for Bxd5!} Nf6 30. Be5 Nd7 31. Bd6 {Threatens to win with Bxd5!} Nf6 {Accuracy: White = 35%, Black = 28%.} 1/2-1/2

[Event "Asian Zonal-ch 3.5 Women 2019"]
[Site "Zi Bo"]
[Date "2019.09.07"]
[Round "5.6"]
[White "Zhang, Xiao"]
[Black "Song, Yuxin"]
[Result "1/2-1/2"]
[WhiteElo "2073"]
[BlackElo "2305"]
[Annotator "TA"]
[PlyCount "60"]
[EventDate "2019.09.05"]
[EventType "swiss"]
[EventCountry "CHN"]
[SourceTitle "playchess.com"]
[Source "ChessBase"]
[SourceQuality "1"]

{[%evp 14,60,24,25,29,16,14,12,8,16,12,20,25,16,27,27,55,17,11,16,19,24,47,47,33,50,35,41,45,46,65,69,74,56,84,42,41,39,34,15,26,26,23,24,23,19,31,0,26]} 1. d4 Nf6 2. c4 e6 3. Nf3 d5 4. Nc3 Nbd7 5. Bf4 dxc4 6. e3 Nd5 7. Bxc4 Nxf4 8. exf4 Nb6 {D37: Queen's Gambit Declined: 5 Bf4} 9. O-O Bd6 10. Ne5 Nxc4 $146 ({Predecessor:} 10... Bxe5 11. fxe5 Bd7 12. Bb3 Bc6 13. Qg4 g6 14. Rfd1 Qe7 {0-1 (50) Giri,A (2734)-Dominguez Perez,L (2754) Beijing 2013}) 11. Qa4+ $1 Bd7 12. Qxc4 O-O 13. Rad1 Qc8 14. Rfe1 Rd8 15. Rd3 (15. f5 $5) 15... Bxe5 16. Rxe5 Bc6 17. h3 Qd7 18. f5 $36 {[%mdl 2048] White has some pressure.} exf5 19. d5 Qd6 20. Rxf5 {[#] Black must now prevent Ne4.} Bd7 21. Ne4 Qa6 22. Qxa6 bxa6 23. Rff3 Rab8 24. d6 cxd6 25. Rxd6 Bb5 26. Rb3 f5 27. Rxd8+ Rxd8 28. Nc3 Bc6 29. Ra3 Bb7 30. Rb3 Bc6 {Accuracy: White = 51%, Black = 64%.} 1/2-1/2

[Event "Asian Zonal-ch 3.5 Women 2019"]
[Site "Zi Bo"]
[Date "2019.09.07"]
[Round "5.7"]
[White "Ren, Xiaoyi"]
[Black "Zhang, Yuxuan"]
[Result "1-0"]
[WhiteElo "2231"]
[BlackElo "1979"]
[Annotator "ChessBase"]
[PlyCount "107"]
[EventDate "2019.09.05"]
[EventType "swiss"]
[EventCountry "CHN"]
[SourceTitle "playchess.com"]
[Source "ChessBase"]
[SourceQuality "1"]
[TimeControl "5400+30"]

1. d4 {[%emt 0:00:00]} Nf6 {[%emt 0:00:00]} 2. c4 {[%emt 0:00:00]} g6 {[%emt 0:00:00]} 3. Bf4 {[%emt 0:00:00]} Bg7 {[%emt 0:00:00]} 4. Nf3 {[%emt 0:00:03]} O-O {[%emt 0:00:32]} 5. e3 {[%emt 0:00:14]} c5 {[%emt 0:01:10]} 6. Be2 {[%emt 0:01:19]} d6 {[%emt 0:04:32]} 7. h3 {[%emt 0:00:40]} Nc6 {[%emt 0:02:56]} 8. Nc3 {[%emt 0:01:56]} Bf5 {[%emt 0:00:56]} 9. O-O {[%emt 0:01:47]} cxd4 {[%emt 0:03:44]} 10. exd4 {[%emt 0:00:13]} Ne4 {[%emt 0:00:13]} 11. Nxe4 {[%emt 0:03:13]} Bxe4 {[%emt 0:00:10]} 12. d5 {[%emt 0:00:16]} Bxf3 {[%emt 0:03:21]} 13. Bxf3 {[%emt 0:00:08]} Ne5 {[%emt 0:01:03]} 14. Be2 {[%emt 0:00:10]} a5 {[%emt 0:03:02]} 15. Rc1 {[%emt 0:01:31]} Nd7 {[%emt 0:05:11]} 16. b3 {[%emt 0:00:48]} b6 {[%emt 0:01:25]} 17. Re1 {[%emt 0:00:37]} Re8 {[%emt 0:01:07]} 18. Qd2 {[%emt 0:04:47]} Qc7 {[%emt 0:03:24]} 19. Bf1 {[%emt 0:01:07]} Nc5 {[%emt 0:01:01]} 20. Re3 {[%emt 0:01:44]} Bf6 {[%emt 0:01:27]} 21. Rce1 {[%emt 0:00:55]} Ra7 {[%emt 0:03:58]} 22. a4 {[%emt 0:05:48]} Qd8 {[%emt 0:02:33]} 23. Be2 {[%emt 0:00:36]} Rd7 {[%emt 0:03:18]} 24. Bg4 {[%emt 0:00:45]} Ra7 {[%emt 0:01:51]} 25. Qd1 {[%emt 0:03:08]} Qc7 {[%emt 0:02:14]} 26. Qf3 {[%emt 0:01:28]} Nd7 {[%emt 0:01:05]} 27. Qg3 {[%emt 0:02:36]} Ne5 {[%emt 0:04:18]} 28. Bd1 {[%emt 0:00:15]} Qc5 {[%emt 0:02:41]} 29. h4 {[%emt 0:01:55]} e6 {[%emt 0:04:12]} 30. dxe6 {[%emt 0:01:21]} Rxe6 {[%emt 0:00:08]} 31. h5 {[%emt 0:00:14]} Rae7 {[%emt 0:01:31]} 32. hxg6 {[%emt 0:01:21]} hxg6 {[%emt 0:00:30]} 33. Bg4 {[%emt 0:02:39]} Nxg4 {[%emt 0:00:31]} 34. Rxe6 {[%emt 0:00:19]} Rxe6 {[%emt 0:00:08]} 35. Rxe6 {[%emt 0:00:05]} fxe6 {[%emt 0:00:07]} 36. Qxg4 {[%emt 0:00:04]} Kf7 {[%emt 0:00:12]} 37. Qf3 {[%emt 0:00:37]} Qd4 {[%emt 0:11:18]} 38. g3 {[%emt 0:02:10]} d5 {[%emt 0:04:12]} 39. cxd5 {[%emt 0:02:20]} Qxd5 {[%emt 0:00:37]} 40. Qe3 {[%emt 0:00:51]} Bd4 {[%emt 0:03:09]} 41. Qc1 {[%emt 0:01:54]} Bc5 {[%emt 0:00:28]} 42. Qc3 {[%emt 0:02:47]} Qd1+ {[%emt 0:05:19]} 43. Kg2 {[%emt 0:00:08]} Qd5+ {[%emt 0:00:07]} 44. Qf3 {[%emt 0:00:40]} Kf6 {[%emt 0:00:17]} 45. g4 {[%emt 0:00:55]} Be7 {[%emt 0:09:05]} 46. Be3+ {[%emt 0:02:12]} Qxf3+ {[%emt 0:00:07]} 47. Kxf3 {[%emt 0:00:03]} Bd8 {[%emt 0:00:07]} 48. Ke4 {[%emt 0:00:04]} Bc7 {[%emt 0:01:03]} 49. Kd4 {[%emt 0:01:26]} Bd6 {[%emt 0:06:33]} 50. Kc4 {[%emt 0:00:29]} Bb4 {[%emt 0:00:16]} 51. Kb5 {[%emt 0:00:42]} Ke5 {[%emt 0:00:09]} 52. Bxb6 {[%emt 0:01:00]} Be1 {[%emt 0:00:15]} 53. Bxa5 {[%emt 0:00:30]} Bxf2 {[%emt 0:00:07]} 54. Bb6 {[%emt 0:00:09]} 1-0

[Event "Asian Zonal-ch 3.5 Women 2019"]
[Site "Zi Bo"]
[Date "2019.09.07"]
[Round "5.8"]
[White "Yuan, Ye"]
[Black "Zhang, Lanlin"]
[Result "1/2-1/2"]
[WhiteElo "2092"]
[BlackElo "2203"]
[Annotator "ChessBase"]
[PlyCount "83"]
[EventDate "2019.09.05"]
[EventType "swiss"]
[EventCountry "CHN"]
[SourceTitle "playchess.com"]
[Source "ChessBase"]
[SourceQuality "1"]
[TimeControl "5400+30"]

1. d4 {[%emt 0:00:00]} d5 {[%emt 0:00:28]} 2. c4 {[%emt 0:00:04]} e6 {[%emt 0:02:59]} 3. Nf3 {[%emt 0:01:47]} a6 {[%emt 0:00:21]} 4. Nc3 {[%emt 0:06:58]} dxc4 {[%emt 0:03:36]} 5. a4 {[%emt 0:01:43]} c5 {[%emt 0:08:13]} 6. e3 {[%emt 0:08:47]} Nf6 {[%emt 0:03:31]} 7. Bxc4 {[%emt 0:00:40]} Be7 {[%emt 0:00:26]} 8. O-O {[%emt 0:01:06]} Nbd7 {[%emt 0:05:34]} 9. dxc5 {[%emt 0:02:44]} Nxc5 {[%emt 0:05:56]} 10. Qxd8+ {[%emt 0:04:04]} Bxd8 {[%emt 0:00:09]} 11. b4 {[%emt 0:04:21]} Nce4 {[%emt 0:02:50]} 12. Nxe4 {[%emt 0:00:25]} Nxe4 {[%emt 0:00:05]} 13. Bb2 {[%emt 0:00:07]} Bf6 {[%emt 0:06:00]} 14. Bxf6 {[%emt 0:01:13]} Nxf6 {[%emt 0:02:35]} 15. Rfd1 {[%emt 0:00:46]} Bd7 {[%emt 0:00:49]} 16. Ne5 {[%emt 0:01:53]} Ke7 {[%emt 0:00:27]} 17. Nxd7 {[%emt 0:01:11]} Nxd7 {[%emt 0:00:06]} 18. Rac1 {[%emt 0:00:18]} Rac8 {[%emt 0:06:20]} 19. Bb3 {[%emt 0:01:18]} b5 {[%emt 0:01:51]} 20. f3 {[%emt 0:05:48]} Ne5 {[%emt 0:03:49]} 21. Kf1 {[%emt 0:01:08]} Rhd8 {[%emt 0:01:20]} 22. Rxc8 {[%emt 0:09:43]} Rxc8 {[%emt 0:02:01]} 23. axb5 {[%emt 0:00:18]} axb5 {[%emt 0:00:05]} 24. Ke2 {[%emt 0:01:16]} Nc6 {[%emt 0:02:25]} 25. Rb1 {[%emt 0:01:25]} Kd6 {[%emt 0:09:54]} 26. Kd2 {[%emt 0:03:11]} Kc7 {[%emt 0:07:47]} 27. f4 {[%emt 0:02:16]} Kb6 {[%emt 0:00:49]} 28. Bd1 {[%emt 0:01:10]} Ne7 {[%emt 0:02:44]} 29. Bf3 {[%emt 0:01:08]} Nf5 {[%emt 0:00:14]} 30. Be4 {[%emt 0:00:48]} Nd6 {[%emt 0:00:52]} 31. Bd3 {[%emt 0:00:03]} Ra8 {[%emt 0:00:04]} 32. Kc3 {[%emt 0:20:03]} Ra2 {[%emt 0:09:04]} 33. Bc2 {[%emt 0:04:21]} Nc4 {[%emt 0:01:09]} 34. Re1 {[%emt 0:00:57]} Ra3+ {[%emt 0:01:23]} 35. Kd4 {[%emt 0:02:35]} Ra2 {[%emt 0:00:09]} 36. Kc3 {[%emt 0:01:08]} Na3 {[%emt 0:07:11]} 37. Bxh7 {[%emt 0:01:30]} Rxg2 {[%emt 0:01:36]} 38. Bd3 {[%emt 0:01:04]} Rxh2 {[%emt 0:00:18]} 39. Kb3 {[%emt 0:01:13]} Rd2 {[%emt 0:00:08]} 40. Kc3 {[%emt 0:00:02]} Rh2 {[%emt 0:00:02]} 41. Kb3 {[%emt 0:00:03]} Rd2 {[%emt 0:00:04]} 42. Kc3 {[%emt 0:00:05]} 1/2-1/2

[Event "Asian Zonal-ch 3.5 Women 2019"]
[Site "Zi Bo"]
[Date "2019.09.07"]
[Round "5.9"]
[White "Hu, Yu A."]
[Black "Wang, Yuehan"]
[Result "1-0"]
[WhiteElo "2105"]
[BlackElo "1600"]
[Annotator "ChessBase"]
[PlyCount "97"]
[EventDate "2019.09.05"]
[EventType "swiss"]
[EventCountry "CHN"]
[SourceTitle "playchess.com"]
[Source "ChessBase"]
[SourceQuality "1"]
[TimeControl "5400+30"]

1. e4 {[%emt 0:00:37]} c5 {[%emt 0:00:00]} 2. Nf3 {[%emt 0:00:07]} Nc6 {[%emt 0:00:00]} 3. Bb5 {[%emt 0:00:27]} g6 {[%emt 0:00:00]} 4. Bxc6 {[%emt 0:00:10]} dxc6 {[%emt 0:00:10]} 5. d3 {[%emt 0:00:07]} Bg7 {[%emt 0:00:19]} 6. Nc3 {[%emt 0:01:23]} e5 {[%emt 0:00:14]} 7. Be3 {[%emt 0:00:08]} Qe7 {[%emt 0:00:22]} 8. h3 {[%emt 0:00:10]} Nf6 {[%emt 0:00:15]} 9. Qd2 {[%emt 0:00:07]} Nd7 {[%emt 0:02:01]} 10. Bh6 {[%emt 0:00:29]} Bxh6 {[%emt 0:02:13]} 11. Qxh6 {[%emt 0:00:08]} f6 {[%emt 0:00:02]} 12. O-O-O {[%emt 0:02:33]} Nf8 {[%emt 0:00:59]} 13. Qe3 {[%emt 0:00:21]} Ne6 {[%emt 0:00:15]} 14. g4 {[%emt 0:02:53]} Nd4 {[%emt 0:01:31]} 15. Nd2 {[%emt 0:01:32]} Be6 {[%emt 0:01:58]} 16. Kb1 {[%emt 0:02:08]} O-O-O {[%emt 0:01:24]} 17. f4 {[%emt 0:00:24]} g5 {[%emt 0:08:54]} 18. fxe5 {[%emt 0:08:47]} fxe5 {[%emt 0:00:10]} 19. Ne2 {[%emt 0:00:08]} h5 {[%emt 0:01:36]} 20. Nxd4 {[%emt 0:03:45]} cxd4 {[%emt 0:00:21]} 21. Qg3 {[%emt 0:00:15]} hxg4 {[%emt 0:02:22]} 22. hxg4 {[%emt 0:00:06]} Rh4 {[%emt 0:00:02]} 23. Nf3 {[%emt 0:01:40]} Rxg4 {[%emt 0:01:58]} 24. Qxe5 {[%emt 0:00:41]} Rg2 {[%emt 0:21:21]} 25. Rh8 {[%emt 0:06:19]} c5 {[%emt 0:06:20]} 26. Rdh1 {[%emt 0:08:13]} g4 {[%emt 0:05:14]} 27. Rxd8+ {[%emt 0:00:17]} Qxd8 {[%emt 0:04:44]} 28. Qxe6+ {[%emt 0:00:09]} Qd7 {[%emt 0:01:31]} 29. Qxd7+ {[%emt 0:00:54]} Kxd7 {[%emt 0:00:07]} 30. Ne1 {[%emt 0:00:03]} Re2 {[%emt 0:01:07]} 31. Kc1 {[%emt 0:00:05]} g3 {[%emt 0:00:12]} 32. Rg1 {[%emt 0:00:16]} Re3 {[%emt 0:00:09]} 33. Kd2 {[%emt 0:00:10]} Kc6 {[%emt 0:03:54]} 34. Rf1 {[%emt 0:00:18]} g2 {[%emt 0:00:52]} 35. Nxg2 {[%emt 0:00:08]} Rg3 {[%emt 0:00:05]} 36. Nf4 {[%emt 0:00:17]} Kd6 {[%emt 0:00:17]} 37. Rf2 {[%emt 0:00:17]} Ke5 {[%emt 0:00:59]} 38. Ne2 {[%emt 0:00:23]} Rh3 {[%emt 0:00:19]} 39. Rf5+ {[%emt 0:00:25]} Kd6 {[%emt 0:00:10]} 40. c3 {[%emt 0:00:07]} dxc3+ {[%emt 0:00:16]} 41. bxc3 {[%emt 0:00:06]} b5 {[%emt 0:01:01]} 42. Rf6+ {[%emt 0:00:40]} Kc7 {[%emt 0:00:07]} 43. Rf7+ {[%emt 0:00:15]} Kb6 {[%emt 0:00:11]} 44. e5 {[%emt 0:00:07]} a5 {[%emt 0:01:17]} 45. e6 {[%emt 0:01:02]} Rh8 {[%emt 0:00:19]} 46. e7 {[%emt 0:00:10]} Re8 {[%emt 0:00:06]} 47. Nf4 {[%emt 0:00:04]} Kc6 {[%emt 0:00:11]} 48. Ng6 {[%emt 0:00:05]} Kd7 {[%emt 0:01:28]} 49. Rf8 {[%emt 0:00:06]} 1-0

[Event "Asian Zonal-ch 3.5 Women 2019"]
[Site "Zi Bo"]
[Date "2019.09.07"]
[Round "5.10"]
[White "Zhao, Shengxin"]
[Black "Cai Youyang"]
[Result "1-0"]
[WhiteElo "2162"]
[BlackElo "1910"]
[Annotator "ChessBase"]
[PlyCount "75"]
[EventDate "2019.09.05"]
[EventType "swiss"]
[EventCountry "CHN"]
[SourceTitle "playchess.com"]
[Source "ChessBase"]
[SourceQuality "1"]
[TimeControl "5400+30"]

1. Nf3 {[%emt 0:00:00]} d5 {[%emt 0:00:00]} 2. g3 {[%emt 0:00:00]} e6 {[%emt 0:00:00]} 3. Bg2 {[%emt 0:00:09]} Nf6 {[%emt 0:00:00]} 4. O-O {[%emt 0:00:13]} Bd6 {[%emt 0:00:01]} 5. c4 {[%emt 0:03:24]} O-O {[%emt 0:00:07]} 6. d4 {[%emt 0:00:25]} c6 {[%emt 0:00:05]} 7. Nc3 {[%emt 0:02:38]} b6 {[%emt 0:00:20]} 8. Bg5 {[%emt 0:14:22]} Be7 {[%emt 0:01:15]} 9. Bxf6 {[%emt 0:03:47]} Bxf6 {[%emt 0:00:06]} 10. e4 {[%emt 0:09:12]} dxe4 {[%emt 0:00:13]} 11. Nxe4 {[%emt 0:00:07]} Be7 {[%emt 0:00:37]} 12. Qc2 {[%emt 0:00:36]} Bb7 {[%emt 0:00:39]} 13. Rfd1 {[%emt 0:00:38]} Nd7 {[%emt 0:02:07]} 14. c5 {[%emt 0:01:17]} Qc7 {[%emt 0:07:25]} 15. b4 {[%emt 0:06:19]} Rfd8 {[%emt 0:05:47]} 16. h4 {[%emt 0:02:37]} h6 {[%emt 0:01:18]} 17. Rac1 {[%emt 0:04:15]} a5 {[%emt 0:07:52]} 18. a3 {[%emt 0:02:02]} axb4 {[%emt 0:01:36]} 19. axb4 {[%emt 0:00:08]} Nf6 {[%emt 0:00:43]} 20. Ne5 {[%emt 0:10:30]} Nd5 {[%emt 0:00:11]} 21. Qb3 {[%emt 0:02:15]} bxc5 {[%emt 0:01:20]} 22. Nxc5 {[%emt 0:01:55]} Bxc5 {[%emt 0:01:51]} 23. Rxc5 {[%emt 0:00:23]} Qb6 {[%emt 0:01:35]} 24. b5 {[%emt 0:03:08]} Ra5 {[%emt 0:07:09]} 25. Qf3 {[%emt 0:01:14]} Qc7 {[%emt 0:04:17]} 26. b6 {[%emt 0:03:34]} Qxe5 {[%emt 0:01:17]} 27. Rxa5 {[%emt 0:01:31]} Qb8 {[%emt 0:01:22]} 28. Qb3 {[%emt 0:00:42]} Ne7 {[%emt 0:00:39]} 29. Be4 {[%emt 0:02:18]} Nc8 {[%emt 0:01:21]} 30. Bd3 {[%emt 0:01:20]} Rd7 {[%emt 0:02:25]} 31. Ba6 {[%emt 0:04:09]} Bxa6 {[%emt 0:00:04]} 32. Rxa6 {[%emt 0:00:04]} Qb7 {[%emt 0:00:02]} 33. Rda1 {[%emt 0:01:58]} Rxd4 {[%emt 0:00:27]} 34. Ra8 {[%emt 0:06:24]} Kh7 {[%emt 0:00:03]} 35. Rxc8 {[%emt 0:00:48]} Qxc8 {[%emt 0:00:04]} 36. b7 {[%emt 0:00:04]} Qb8 {[%emt 0:00:12]} 37. Ra8 {[%emt 0:00:05]} Qe5 {[%emt 0:00:26]} 38. Qb1+ {[%emt 0:01:09]} 1-0